Les meilleurs joueurs sur Fifa 22 - Statistiques

Statistiques générales
  • Ce quiz a été pris 3 526 fois
  • Le résultat moyen est 19 sur 30
Statistiques - réponses
Hint Réponse % Correct
1 (93) Messi
100%
3 (91) Ronaldo
99%
5 (91) Mbappé
98%
6 (91) Neymar
91%
2 (92) Lewandowski
87%
13 (89) Benzema
84%
4 (91) De Bruyne
82%
12 (89) Salah
78%
22 (89) Mané
73%
10 (90) Neuer
73%
19 (89) Courtois
71%
27 (88) Haaland
70%
14 (89) Van Dijk
66%
25 (88) Kroos
64%
18 (89) Alisson
63%
9 (90) Kanté
60%
15 (89) Donnarumma
59%
21 (89) Ederson
59%
8 (90) Kane
58%
7 (91) Oblak
58%
24 (88) Ramos
55%
11 (90) Ter Stegen
54%
20 (89) Casemiro
49%
16 (89) Kimmich
46%
17 (89) Son
45%
28 (88) Navas
38%
30 (88) Lukaku
35%
23 (88) Suarez
35%
29 (88) Fernandes
28%
26 (88) Sterling
27%
Aucun quiz correspondant
Distribution des résultats
% des personnes avec chaque résultat
Percentile par nombre de réponses
Votre historique - résultats
Vous n’avez pas pris ce quiz